Представление документа в формате RUSMARC

ПолеНазваниеЗначение
  Тип записи a
  Библиографический уровень m
001 Контрольный номер RU/SLIB/B/208717673
005 Дата корректировки 20230425124840.8
010 Индекс ISBN __
d Цена 100-00
100 Данные общей обработки __
a Данные общей обработки 19160518d1974||||||| 0rusy0189 ca
101 Язык документа 0_
a Язык текста rus
102 Страна публикации __
a Страна публикации ru
105 Кодированные данные (монография) __
a Кодированные данные (монография) ||||||||000zy
200 Заглавие и сведения об ответственности 1_
a Заглавие Японские записи
f Первые сведения об ответственности Николай Т. Федоренко
b Общее обозначение материала Текст
210 Выходные данные 1_
a Место издания Москва
c Издательство Советский писатель
d Дата издания 1974
215 Физическое описание __
a Объем 495, [1] с.
c Иллюстрации/тип воспроизводства ил.
d Формат 22 см
300 Общие примечания __
a Общие примечания 50000 экз.
330 Аннотация __
a Аннотация Смысл этих записей - поделиться личными наблюдениями автора, рассказать и в меру возможности раскрыть хотя бы некоторые черты национального своеобразия японцев - путей их культурного движения, явлений их каждодневной жизни. Время беспощадно стирает многое: забываются лица, имена, события, выцветают целые годы, которые воспринимались нами как яркие и неповторимые. В дороге часто наслаиваются картины виденного, перекрываются путевые впечатления. Нередко краски нынешнего дня затемняют в памяти яркость впечатлений минувшего. Но случается и так, что однажды виденное остается в памяти как вечно живая картина. И невозможно забыть многих из тех, кого автор предлагаемой книги встретил за годы, проведенные в Японии, людей неодинаковой судьбы, убеждений, духовного мира. Приходилось видеть японцев в разное время: в торжественный час новогоднего праздника, в студеную пору, в летний тропический зной и в мятежные дни народных волнений.
606 Тематические рубрики __
a Основная рубрика География
606 Тематические рубрики __
a Основная рубрика Страноведение
y Географическая подрубрика Япония
610 Ключевые слова 0_
a Ключевые слова азиатские страны
a Ключевые слова восточные страны
a Ключевые слова географическое описание
a Ключевые слова государства
a Ключевые слова жемчужные фермы
a Ключевые слова иероглифические записи
a Ключевые слова культ чая
a Ключевые слова национальные традиции
a Ключевые слова путешествия
a Ключевые слова страноведческая литература
a Ключевые слова страноведческие материалы
a Ключевые слова страны
a Ключевые слова чайные напитки
a Ключевые слова чайный этикет
a Ключевые слова японская культура
a Ключевые слова японские обычаи
a Ключевые слова японские традиции
a Ключевые слова японцы
686 Индексы других классификаций __
2 Код системы rubbks
a Классификационный индекс 26.89(5Япо)
700 Автор _1
a Фамилия Федоренко
b Имя Н. Т.
f Даты 1912-2000
g Полное личное имя Николай Трофимович
4 Код отношения 070
801 Источник записи _0
a Страна ru
b Организация Муниципальное бюджетное учреждение культуры "Централизованная библиотечная система" г. Сургут (Центральная городская библиотека им. А. С. Пушкина)
c Дата составления 20160518
g Правила каталогизации К/Кундохова
801 Источник записи _1
a Страна ru
b Организация Муниципальное бюджетное учреждение культуры "Централизованная библиотечная система" г. Сургут (Центральная городская библиотека им. А. С. Пушкина)
c Дата составления 20160518
g Правила каталогизации К/Кундохова
852 Данные о местонахождении __
j Шифр хранения 26.89(5Япо)
c Каталожный индекс 26.89(5Япо)
i Авторский знак Ф 33
901 Тип документа __
t Тип документа m
903 Характеристики (МАРС) __
a Дата передачи 20160518
990 Данные о заказе (DOS) __
j Количество экземпляров (DOS) 1
t N записи в КСУ для И/У (DOS) 201605